宁夏回族自治区辖县级行政区地图 County-level administrative divisions of Ningxia - Statistics

General Stats
  • This quiz has been taken 514 times
  • The average score is 16 of 22
Answers on the Map
Answers color-coded by a green-red scale on the quiz's map according to % correct below.
 
Answer Stats
县级类 地名 % Correct
县级市 灵武市
87%
县级市 青铜峡市
86%
市辖区 西夏区
86%
市辖区 沙坡头区
83%
市辖区 兴庆区
82%
海原县
80%
中宁县
77%
同心县
75%
西吉县
74%
贺兰县
74%
市辖区 原州区
72%
市辖区 惠农区
72%
市辖区 红寺堡区
72%
市辖区 金凤区
72%
平罗县
71%
盐池县
70%
泾源县
69%
市辖区 大武口区
69%
隆德县
68%
彭阳县
64%
市辖区 利通区
63%
永宁县
63%
No matching quizzes found
Score Distribution
Percent of People with Each Score
Percentile by Number Answered
Your Score History
You have not taken this quiz